000 01017nam a2200289 4500
001 1909
010 _a9789727517398
021 _aPT
_b238060/06
035 _a(bn)1746433
090 _a1909
100 _a20100502d2008 m y0pory5003 ba
105 _ay z 000yy
106 _ar
200 1 _aDeus é amor
_ecarta encíclica Deus Caritas Est do Sumo Pontífice Bento XVI aos Bispos, aos Presbíteros e aos Diáconos, às pessoas consagradas e a todos os fiéis leigos sobre o amor cristão
_f[ed. lit.] Secretariado Geral do Espiscopado
210 _aPrior Velho
_cPaulinas,
_d2006
215 _a79 p.
_d21 cm
225 2 _aVoz da igreja
_v17
600 _aSecretariado Geral do Espiscopado
601 _aPaulinas
675 _a272-184
_vBN
_zpor
675 _a272-423
_vBN
_zpor
675 _a272-46
_vBN
_zpor
675 _a272-732-284
_vBN
_zpor
710 0 2 _aIgreja Católica.
_bPapa,
_c2005-2013 (Bento XVI)
712 0 1 _aLisboa.
_bPatriarcado.
_bSecretariado Geral do Episcopado
_4340
801 0 _aPT
_bBN
_gRPC
942 _cBK